<?xml version='1.0' encoding='UTF-8'?>
  <record xmlns="http://www.loc.gov/MARC21/slim">
    <leader>00000cam a2200000 i 4500</leader>
    <controlfield tag="001">ocm27865321</controlfield>
    <controlfield tag="003">OCoLC</controlfield>
    <controlfield tag="005">20240727015433.6</controlfield>
    <controlfield tag="008">930406s1556    fr aci        001 0 ger d</controlfield>
    <datafield tag="040" ind1=" " ind2=" ">
      <subfield code="a">EMW</subfield>
      <subfield code="b">eng</subfield>
      <subfield code="e">rda</subfield>
      <subfield code="e">dcrmr</subfield>
      <subfield code="c">EMW</subfield>
      <subfield code="d">OCLCQ</subfield>
      <subfield code="d">OCLCG</subfield>
      <subfield code="d">OCLCQ</subfield>
      <subfield code="d">OCLCO</subfield>
      <subfield code="d">OCLCL</subfield>
      <subfield code="d">QGJ</subfield>
      <subfield code="d">OCLCQ</subfield>
    </datafield>
    <datafield tag="035" ind1=" " ind2=" ">
      <subfield code="a">(OCoLC)27865321</subfield>
    </datafield>
    <datafield tag="100" ind1="1" ind2=" ">
      <subfield code="a">Bock, Hieronymus,</subfield>
      <subfield code="d">1498-1554,</subfield>
      <subfield code="e">author.</subfield>
      <subfield code="4">aut</subfield>
      <subfield code="1">https://id.oclc.org/worldcat/entity/E39PBJdRxKKyT83b6ytFBGTmBP</subfield>
    </datafield>
    <datafield tag="240" ind1="1" ind2="0">
      <subfield code="a">Kräuterbuch.</subfield>
      <subfield code="f">1556</subfield>
    </datafield>
    <datafield tag="245" ind1="1" ind2="0">
      <subfield code="a">Kreüterbuch :</subfield>
      <subfield code="b">darinn underscheidt Nam[m]en vnnd Würckung der Kreütter, Stauden, Hecken vnnd Beumen, sampt ihren Früchten, so inn Deutschen Landen wachsen, Auch der selben eigentlicher vnnd wolgegründter Gebrauch inn der Artznei, fleissig dargeben, Leibs gesundtheit zů fürdern und zů behalten, sehr nutzlich vnd tröstlich, Vorab dem gemeinen und einfaltigen Man. /</subfield>
      <subfield code="c">Durch H. Hieronymum Bock auss langwiriger vnd gewisser erfarung beschriben. ... Darüber findest du Drei volkommene nutzliche Register, vnder welchen, Das erst die gemeine Latinische vnd Griechische Namen der Kreutter, Stauden, Hecken vnd Beumen hat, Das ander die Deutsche, Das drit die anzeig der Artznei vnd raht für allerlei kranckheiten vnd leibs gepresten.</subfield>
    </datafield>
    <datafield tag="250" ind1=" " ind2=" ">
      <subfield code="a">Von newen fleissig übersehen, gebessert vnd gemehret, Dazů mit hüpschen artigen vnd läblichen figuren der Kreutter allenthalben gezieret.</subfield>
    </datafield>
    <datafield tag="264" ind1=" " ind2="1">
      <subfield code="a">Gedruckt zů Strassburg, :</subfield>
      <subfield code="b">durch Josium Rihel.,</subfield>
      <subfield code="c">im Jar M. D. lvi. [1556]</subfield>
    </datafield>
    <datafield tag="300" ind1=" " ind2=" ">
      <subfield code="a">[20], ccccxxiiij, [8] leaves :</subfield>
      <subfield code="b">illustrations, portrait, coat of arms (woodcuts) ;</subfield>
      <subfield code="c">31 cm (folio)</subfield>
    </datafield>
    <datafield tag="336" ind1=" " ind2=" ">
      <subfield code="a">text</subfield>
      <subfield code="b">txt</subfield>
      <subfield code="2">rdacontent</subfield>
    </datafield>
    <datafield tag="337" ind1=" " ind2=" ">
      <subfield code="a">unmediated</subfield>
      <subfield code="b">n</subfield>
      <subfield code="2">rdamedia</subfield>
    </datafield>
    <datafield tag="338" ind1=" " ind2=" ">
      <subfield code="a">volume</subfield>
      <subfield code="b">nc</subfield>
      <subfield code="2">rdacarrier</subfield>
    </datafield>
    <datafield tag="340" ind1=" " ind2=" ">
      <subfield code="m">folio</subfield>
      <subfield code="2">rdabf</subfield>
    </datafield>
    <datafield tag="500" ind1=" " ind2=" ">
      <subfield code="a">Imprint: Gedruckt zů Strassburg, im Jar M. D. lvi.</subfield>
    </datafield>
    <datafield tag="500" ind1=" " ind2=" ">
      <subfield code="a">Printer's name from colophon, which reads: Gedruckt zů Strassburg durch Josiam Rihel. Nach Christi vnsers Herren geburt, als man zalet M. D. LVI.</subfield>
    </datafield>
    <datafield tag="500" ind1=" " ind2=" ">
      <subfield code="a">Includes indices.</subfield>
    </datafield>
    <datafield tag="500" ind1=" " ind2=" ">
      <subfield code="a">Initials, printed marginalia.</subfield>
    </datafield>
    <datafield tag="500" ind1=" " ind2=" ">
      <subfield code="a">Portrait of the author (leaf d4 verso), with poem in Latin by Ioan. Sapidus.</subfield>
    </datafield>
    <datafield tag="500" ind1=" " ind2=" ">
      <subfield code="a">Signatures: a-b⁶ c-d⁴ A-Z⁶ Aa-Zz⁶ AA-ZZ⁶ AAa-BBb⁶ CCc⁸; b5, d4r, and CCc8 are blank.</subfield>
    </datafield>
    <datafield tag="510" ind1="4" ind2=" ">
      <subfield code="a">Verzeichnis der im deutschen Sprachbereich erschienenen Drucke des 16. Jahrhunderts (VD 16),</subfield>
      <subfield code="c">B 6018</subfield>
      <subfield code="u">https://gateway-bayern.de/VD16+B+6018</subfield>
    </datafield>
    <datafield tag="510" ind1="4" ind2=" ">
      <subfield code="a">Nissen, C. Botanische Buchillustration,</subfield>
      <subfield code="c">182</subfield>
    </datafield>
    <datafield tag="510" ind1="4" ind2=" ">
      <subfield code="a">Stafleu, F.A. Taxonomic literature (2nd ed.),</subfield>
      <subfield code="c">1, 244 (575)</subfield>
    </datafield>
    <datafield tag="650" ind1=" " ind2="0">
      <subfield code="a">Botany</subfield>
      <subfield code="v">Pre-Linnean works.</subfield>
    </datafield>
    <datafield tag="650" ind1=" " ind2="0">
      <subfield code="a">Herbals</subfield>
      <subfield code="v">Early works to 1800.</subfield>
    </datafield>
    <datafield tag="650" ind1=" " ind2="0">
      <subfield code="a">Botanical illustration</subfield>
      <subfield code="v">Early works to 1800.</subfield>
    </datafield>
    <datafield tag="650" ind1=" " ind2="0">
      <subfield code="a">Plants</subfield>
      <subfield code="v">Early works to 1800.</subfield>
    </datafield>
    <datafield tag="650" ind1=" " ind2="6">
      <subfield code="a">Botanique</subfield>
      <subfield code="v">Ouvrages prélinnéens.</subfield>
    </datafield>
    <datafield tag="650" ind1=" " ind2="6">
      <subfield code="a">Herbiers (Ouvrages)</subfield>
      <subfield code="v">Ouvrages avant 1800.</subfield>
    </datafield>
    <datafield tag="650" ind1=" " ind2="6">
      <subfield code="a">Illustration botanique</subfield>
      <subfield code="v">Ouvrages avant 1800.</subfield>
    </datafield>
    <datafield tag="650" ind1=" " ind2="7">
      <subfield code="a">Botanical illustration</subfield>
      <subfield code="2">fast</subfield>
    </datafield>
    <datafield tag="650" ind1=" " ind2="7">
      <subfield code="a">Botany</subfield>
      <subfield code="2">fast</subfield>
    </datafield>
    <datafield tag="650" ind1=" " ind2="7">
      <subfield code="a">Herbals</subfield>
      <subfield code="2">fast</subfield>
    </datafield>
    <datafield tag="650" ind1=" " ind2="7">
      <subfield code="a">Plants</subfield>
      <subfield code="2">fast</subfield>
    </datafield>
    <datafield tag="655" ind1=" " ind2="7">
      <subfield code="a">Early works</subfield>
      <subfield code="2">fast</subfield>
    </datafield>
    <datafield tag="700" ind1="1" ind2=" ">
      <subfield code="a">Sapidus, Johannes,</subfield>
      <subfield code="d">1490-1561,</subfield>
      <subfield code="e">contributor.</subfield>
      <subfield code="4">ctb</subfield>
    </datafield>
    <datafield tag="700" ind1="0" ind2=" ">
      <subfield code="a">Philip</subfield>
      <subfield code="b">III,</subfield>
      <subfield code="c">Count of Nassau-Weilburg,</subfield>
      <subfield code="d">1504-1559,</subfield>
      <subfield code="e">dedicatee.</subfield>
      <subfield code="4">dte</subfield>
    </datafield>
    <datafield tag="700" ind1="1" ind2=" ">
      <subfield code="a">Rihel, Josias,</subfield>
      <subfield code="d">1525-1597,</subfield>
      <subfield code="e">printer.</subfield>
      <subfield code="4">prt</subfield>
    </datafield>
    <datafield tag="700" ind1="1" ind2=" ">
      <subfield code="a">Kandel, David,</subfield>
      <subfield code="d">1524-1596,</subfield>
      <subfield code="e">wood engraver.</subfield>
      <subfield code="4">wde</subfield>
    </datafield>
    <datafield tag="752" ind1=" " ind2=" ">
      <subfield code="a">France</subfield>
      <subfield code="d">Strasbourg,</subfield>
      <subfield code="e">publication place.</subfield>
      <subfield code="4">pup</subfield>
    </datafield>
  </record>